Visualizzazione normale
Vista MARC
- Cocker Joe
di Personal Name
Records bibliografici associati: 1
001 - CONTROL NUMBER
- control field: 27915
003 - CONTROL NUMBER IDENTIFIER
- control field: IT-RoPau
005 - DATE AND TIME OF LATEST TRANSACTION
- control field: 20140529154531.0
008 - FIXED-LENGTH DATA ELEMENTS
- fixed length control field: 140529|| aca||aabn | a|a d
040 ## - CATALOGING SOURCE
- Original cataloging agency: IT-RoPau
- Transcribing agency: IT-RoPau
100 ## - HEADING--PERSONAL NAME
- Personal name: Cocker Joe
- Relator term: Autore
- Miscellaneous information: Codice autore SPICS: 10157
670 ## - SOURCE DATA FOUND
- Source citation: Work cat.: (IT-RoPau)98994: AA.VV. 794, Night Calls